01009 a2200169 45000010006000000050017000060080041000230030015000640400040000790800017001192450012001362640035001483000025001835050484002081000024006928560123007162296120260407155519.0260407a1964 arg spa dAR-UNSa-BCEJYS aAR-UNSa-BCEJYSbspacAR-UNSa-BCEJYS a512xAlgebra10aAlgebra 1aMéxico :bLimusa-Wileyc1964 axiii, 446 p.c23 cm. a1. Conceptos fundamentales - 2. Operaciones algebraicas - 3. Concepto de función - 4. La función lineal - 5. La función cuadrática - 6. Desigualdades e inecuaciones - 7. Inducción matemática. Teorema del binomio - 8. Números complejos - 9. Variación de funciones - 10. Progresiones - 11. Teoría de las ecuaciones - 12. Fracciones parciales - 13. Permutaciones y combinaciones - 14. Probabilidad - 15. Determinantes - 16. Logaritmos - 17. Interés y anualidades1 aLehmann, Charles H.41uhttps://biblioeco.unsa.edu.ar/pmb/images/libros/Algebra Lehmann, Charles H. (1964).jpgyImagen de portadaqimage/jpeg